| 000 | 01038nam a22001937a 4500 | ||
|---|---|---|---|
| 003 | JO-AjAnu | ||
| 005 | 20240605113019.0 | ||
| 008 | 240320b jo ||||| |||| 00| 0 ara d | ||
| 040 |
_bara _cJO-AjAnu |
||
| 041 | _aARA | ||
| 100 | 1 |
_aابو رمان، رياض كامل عبد الهادي _965065 _eمعد |
|
| 245 | 2 | 1 |
_aالنظام القانوني لدعوى المسؤولية المدنية للمحكم : دراسة مقارنة = The Legel System for Arbitrators Civil Liability Lawsuit :
A Comparative Study / _cإعداد رياض كامل عبد الهادي ابو رمان ؛ إشراف احمد محمد فهد البطوش |
| 260 | _c2024 | ||
| 300 | _a120ورقة | ||
| 500 | _aرسالة جامعية (رسالة ماجستير)- جامعة عجلون الوطنية (عجلون، الاردن) كلية الحقوق ، تخصص القانون، 2024 | ||
| 650 | 7 | 0 |
_aالمسؤولية المدنية -- قوانين _946628 |
| 700 |
_aالبطوش، أحمد فهد _959198 _eمشرف |
||
| 942 |
_2lcc _cTHS _n0 |
||
| 999 |
_c33315 _d33315 |
||